01958nam a22002177a 450000500170000000800410001702000220005804001050008008200260018511000920021124501440030326000570044730000090050450505620051365001690107571000110124485601870125594200160144299900170145895202650147520260618115433.0260618b |||||||| |||| 00| 0 spa d a978-9945-513-21-9 a IDEICE, Instituto Dominicano de Evaluación e Investigación de la Calidad EducativacIDEICEeRDA aIDEICE 371.26 Ins 59c a IDEICE, Instituto Dominicano de Evaluación e Investigación de la Calidad Educativa aCaracterísticas de los hogares de los estudiantes Sexto grado de Primaria en el contexto de la Evaluación Diagnóstica de 2022cIDEICE aSanto Domingo, República Dominicana bIDEICEc2025 c70p. aLa Evaluación Diagnóstica Nacional de Sexto grado (2022) ofrece una visión actualizada del aprendizaje estudiantil en la República Dominicana tras la pandemia, mediante un riguroso diseño muestral con estándares de confiabilidad internacional. El informe analiza información clave proveniente de estudiantes, docentes y familias, con especial énfasis en los datos de la Encuesta Familiar, para comprender cómo las condiciones del hogar, la relación familia–escuela y el contexto socioeconómico influyen en el rendimiento académico. aEducación--República Dominicana; Evaluación educativa--República Dominicana; Nivel primario-prueba diagnóstica-; familia-escuela; rendimiento académico. aIDEICE uhttps://ideice.gob.do/documentacion/publicaciones-id-225-caracteristicas-de-los-hogares-de-los-estudiantes-sexto-grado-de-primaria-en-el-contexto-de-la-evaluacion-diagnostica-de-2022 2ddccLIBn0 c14667d14667 00102ddc4070aRIbRId2026-06-18l0r2026-06-18 11:54:27uhttps://ideice.gob.do/documentacion/publicaciones-id-225-caracteristicas-de-los-hogares-de-los-estudiantes-sexto-grado-de-primaria-en-el-contexto-de-la-evaluacion-diagnostica-de-2022w2026-06-18yLIB